00439 2200169 4500001002100000005001500021035002000036245005900056100002500115250000600140856004500146260003400191082000800225084001400233600001000247990001200257INLIS00000000000166920250429103713 a0010-04250000851 aAnak Perawan Disarang Penyamun /cST. Takdir Alisabana0 aST. Takdir Alisabana a1 aRuang Baca Umum No Klas 800 ( Rak 3,4,5) aJakarta :bDian Rakyat,c1997 a813 a813 ST. a 4aFiksi a00.0062